| 000 | 00394nam a2200157Ia 4500 | ||
|---|---|---|---|
| 008 | 231221s9999 xx 000 0 und d | ||
| 041 | _aEnglish | ||
| 082 | _a672.89103 REM.1;1 R | ||
| 100 | _aRemcay, G | ||
| 245 | 0 | _aEncyclopaedia of geography V.1 | |
| 250 | _a1st ed. | ||
| 260 |
_c2004 _bSarup & Sons _aNew Delhi |
||
| 300 | _a236 | ||
| 650 | _aEncyclopaedia,geography | ||
| 942 | _cED | ||
| 999 |
_c206491 _d206491 |
||